|
|
|
|
| LEADER |
00000nam0a2200000 4500 |
| 001 |
310951 |
| 005 |
20231102002334.0 |
| 010 |
|
|
|a 9783659797002
|
| 035 |
|
|
|a (RuTPU)RU\TPU\book\336306
|
| 090 |
|
|
|a 310951
|
| 100 |
|
|
|a 20151201d2015 k y0rusy50 ca
|
| 101 |
0 |
|
|a rus
|
| 102 |
|
|
|a DE
|
| 105 |
|
|
|a a z 001zy
|
| 200 |
1 |
|
|a Механоплазменная обработка металла
|f В. А. Сошко, А. И. Сошко
|
| 210 |
|
|
|a Германия
|c LAP Lambert Academic Publishing
|d 2015
|
| 215 |
|
|
|a 90 с.
|c ил.
|
| 320 |
|
|
|a Библиогр.: с. 86-89.
|
| 330 |
|
|
|a Сформулирована проблема необходимости интенсификации механической обработки с заданной точностью и качеством поверхности при достижении определенных экономических результатов. На основании обобщения исследований авторов, посвященных различным физико-химическим явлениям, наблюдаемым при разрушении твердых тел в различных средах, предложен механизм превращения в зоне разрушения поверхностно-активной среды в радикально-активную водородную плазму. Приведены сведения о влиянии физико-химических процессов сопутствующих разрушению и имеющих квантовую природу на формирование механо-плазменного эффекта и его воздействии на деформацию и разрушение твердого тела. Даны рекомендации по разработке высоко эффективных полимерсодержащих СОТС. Представлены результаты применения СОТС нового поколения в различных промышленных технологиях обработки металлов. Предназначается научным работникам в области физики твердого тела, материаловедения, физ-химии поверхности, а также инженерно-техническим работникам машиностроения, студентам старших курсов технических специальностей.
|
| 606 |
1 |
|
|a Плазменная металлизация
|2 stltpush
|3 (RuTPU)RU\TPU\subj\48948
|9 67764
|
| 610 |
1 |
|
|a углеводородные среды
|
| 610 |
1 |
|
|a химические превращения
|
| 610 |
1 |
|
|a инициирование
|
| 610 |
1 |
|
|a самоускорение
|
| 610 |
1 |
|
|a источники тепловыделения
|
| 610 |
1 |
|
|a водородная плазма
|
| 610 |
1 |
|
|a формирование
|
| 610 |
1 |
|
|a физические свойства
|
| 610 |
1 |
|
|a химические свойства
|
| 610 |
1 |
|
|a реакционная область
|
| 610 |
1 |
|
|a амбиполярная диффузия
|
| 610 |
1 |
|
|a водород
|
| 610 |
1 |
|
|a ловушки
|
| 610 |
1 |
|
|a контактные взаимодействия
|
| 610 |
1 |
|
|a твердые тела
|
| 610 |
1 |
|
|a механо-плазменная обработка
|
| 610 |
1 |
|
|a обработка давлением
|
| 675 |
|
|
|a 621.793.74
|v 4
|
| 700 |
|
1 |
|a Сошко
|b В. А.
|g Виктор Александрович
|
| 701 |
|
1 |
|a Сошко
|b А. И.
|g Александр Иванович
|
| 801 |
|
1 |
|a RU
|b 63413507
|c 20151201
|
| 801 |
|
2 |
|a RU
|b 63413507
|c 20160418
|g RCR
|
| 900 |
|
|
|a Физика твердого тела
|
| 900 |
|
|
|a Металловедение и термическая обработка
|
| 942 |
|
|
|c BK
|
| 959 |
|
|
|a 151/20151201
|d 1
|e 0
|f ЧЗТЛ:1
|